| 000 | 01070nam a22002657a 4500 | ||
|---|---|---|---|
| 001 | 000551 | ||
| 003 | DO-SdBNP | ||
| 005 | 20170915092710.0 | ||
| 007 | 000551 | ||
| 008 | 161012b 2011 ck a ||||| |||| 00| 0 spa d | ||
| 020 | _a9789586774192 | ||
| 040 |
_aBPMSU _bspa _cBPMSU |
||
| 082 |
_a577 _bS939e |
||
| 100 | 1 | _aSuárez Velandia, Miryam | |
| 245 | 1 | 0 |
_aEcología y medio ambiente / _cMiryam Suárez Velandia. |
| 260 |
_aBogotá : _bZamora Editores, _c2011. |
||
| 300 |
_a202 p. : _bil. ; _c38 cm. + _eCD-ROM |
||
| 505 | 0 |
_tLa crisis ambiental -- _tConceptos básicos – _tLa tierra – _tLa situación actual – _tLa educación ambiental formal – _tLa educación ambiental no formal – _tOrganizaciones, fundaciones ecológicas – _tEl desarrollo sostenible – _tLas religiones y la ecología – _tLos detractores del cambio climático – _tAún hay esperanza. |
|
| 650 | 4 | _aECOLOGÍA | |
| 650 | 4 | _aMEDIO AMBIENTE | |
| 710 | _aZamora Editores | ||
| 942 |
_2ddc _cBK |
||
| 945 | _aIntariando / 2017 VM | ||
| 956 |
_2LOPEREZ _310 _620161012 _8BPMSU _a00041 |
||
| 999 |
_c11556 _d11556 |
||